Carte d'Afrique avec des pays fusionnés aléatoirement - Statistiques

Statistiques générales
  • Ce quiz a été pris 55 182 fois
  • Le résultat moyen est 10 sur 12
Réponses sur la Carte
Les réponses sont colorées sur une échelle allant du rouge au vert en fonction du pourcentage des utilisateurs qui les ont devinées à leur premier essai. Vous pouvez retrouver ces pourcentages ci-dessous.
 
Statistiques - réponses
Pays % Correct
Pays fusionnés Algérie
99%
Pays fusionnés Algérie
98%
Pays fusionnés Algérie
98%
Pays fusionnés Algérie
98%
Pays fusionnés Maroc
98%
Pays fusionnés Algérie
97%
Pays fusionnés Égypte
96%
Pays fusionnés Rép. Dém. du Congo
96%
Pays fusionnés Égypte
95%
Pays fusionnés Rép. Dém. du Congo
95%
Pays fusionnés Rép. Dém. du Congo
95%
Pays fusionnés Libye
94%
Pays fusionnés Maroc
94%
Pays fusionnés Rép. Dém. du Congo
94%
Pays fusionnés Libye
93%
Pays fusionnés Soudan
93%
Pays fusionnés Afrique du Sud
92%
Pays fusionnés Libye
92%
Pays fusionnés Libye
92%
Pays fusionnés Libye
92%
Pays fusionnés Mali
92%
Pays fusionnés Soudan
92%
Pays fusionnés Soudan
92%
Pays fusionnés Mali
91%
Pays fusionnés Soudan
91%
Pays fusionnés Mali
90%
Pays fusionnés Rép. Dém. du Congo
90%
Pays fusionnés Rép. Dém. du Congo
90%
Pays fusionnés Soudan
90%
Pays fusionnés Mali
89%
Pays fusionnés République du Congo
89%
Pays fusionnés Soudan
89%
Pays fusionnés Niger
88%
Pays fusionnés Niger
88%
Pays fusionnés Niger
88%
Pays fusionnés République du Congo
88%
Pays fusionnés Tchad
88%
Pays fusionnés Tchad
88%
Pays fusionnés Afrique du Sud
87%
Pays fusionnés Éthiopie
87%
Pays fusionnés Mauritanie
87%
Pays fusionnés Niger
87%
Pays fusionnés Niger
87%
Pays fusionnés Mali
86%
Pays fusionnés Mauritanie
86%
Pays fusionnés Mauritanie
86%
Pays fusionnés République du Congo
86%
Pays fusionnés Soudan du Sud
86%
Pays fusionnés Angola
85%
Pays fusionnés Mali
85%
Pays fusionnés Nigeria
85%
Pays fusionnés Tchad
85%
Pays fusionnés Niger
84%
Pays fusionnés Soudan
84%
Pays fusionnés Tchad
84%
Pays fusionnés Tchad
84%
Pays fusionnés Afrique du Sud
83%
Pays fusionnés Angola
83%
Pays fusionnés Namibie
83%
Pays fusionnés République Centrafricaine
83%
Pays fusionnés Somalie
83%
Pays fusionnés Afrique du Sud
82%
Pays fusionnés Côte d'Ivoire
82%
Pays fusionnés Éthiopie
82%
Pays fusionnés Éthiopie
82%
Pays fusionnés Sénégal
82%
Pays fusionnés Sénégal
82%
Pays fusionnés Tunisie
82%
Pays fusionnés Angola
81%
Pays fusionnés Éthiopie
81%
Pays fusionnés Namibie
81%
Pays fusionnés République du Congo
81%
Pays fusionnés Soudan du Sud
81%
Pays fusionnés Soudan du Sud
81%
Pays fusionnés Algérie
80%
Pays fusionnés Mauritanie
80%
Pays fusionnés République Centrafricaine
80%
Pays fusionnés République Centrafricaine
80%
Pays fusionnés Sénégal
80%
Pays fusionnés Libye
79%
Pays fusionnés République Centrafricaine
79%
Pays fusionnés République Centrafricaine
79%
Pays fusionnés Soudan du Sud
79%
Pays fusionnés Cameroun
78%
Pays fusionnés Kenya
78%
Pays fusionnés Mozambique
78%
Pays fusionnés Somalie
78%
Pays fusionnés Tunisie
78%
Pays fusionnés Cameroun
77%
Pays fusionnés Côte d'Ivoire
77%
Pays fusionnés Mozambique
77%
Pays fusionnés Mozambique
77%
Pays fusionnés République Centrafricaine
77%
Pays fusionnés Tanzanie
77%
Pays fusionnés Cameroun
76%
Pays fusionnés Côte d'Ivoire
76%
Pays fusionnés Érythrée
76%
Pays fusionnés Kenya
76%
Pays fusionnés Lesotho
76%
Pays fusionnés Mali
76%
Pays fusionnés Burkina Faso
75%
Pays fusionnés Guinée
75%
Pays fusionnés Guinée
75%
Pays fusionnés Tanzanie
75%
Pays fusionnés Zambie
75%
Pays fusionnés Côte d'Ivoire
74%
Pays fusionnés Guinée
74%
Pays fusionnés Nigeria
74%
Pays fusionnés Zambie
74%
Pays fusionnés Kenya
73%
Pays fusionnés Namibie
73%
Pays fusionnés Zambie
73%
Pays fusionnés Cameroun
72%
Pays fusionnés Côte d'Ivoire
72%
Pays fusionnés Guinée
72%
Pays fusionnés Burkina Faso
70%
Pays fusionnés Burkina Faso
70%
Pays fusionnés Ghana
70%
Pays fusionnés Nigeria
70%
Pays fusionnés Botswana
69%
Pays fusionnés Éthiopie
69%
Pays fusionnés Ghana
69%
Pays fusionnés Mozambique
69%
Pays fusionnés Ouganda
69%
Pays fusionnés Soudan du Sud
69%
Pays fusionnés Botswana
68%
Pays fusionnés Bénin
67%
Pays fusionnés Burkina Faso
67%
Pays fusionnés Liberia
67%
Pays fusionnés Zimbabwe
67%
Pays fusionnés Érythrée
66%
Pays fusionnés Kenya
66%
Pays fusionnés Zambie
66%
Pays fusionnés Gabon
65%
Pays fusionnés Liberia
65%
Pays fusionnés Zimbabwe
65%
Pays fusionnés Ouganda
64%
Pays fusionnés Guinée
61%
Pays fusionnés Ouganda
61%
Pays fusionnés Togo
61%
Pays fusionnés Togo
60%
Pays fusionnés Zimbabwe
60%
Pays fusionnés Botswana
58%
Pays fusionnés Bénin
57%
Pays fusionnés Ghana
57%
Pays fusionnés Mozambique
57%
Pays fusionnés Sierra Leone
55%
Pays fusionnés Malawi
53%
Pays fusionnés Liberia
49%
Pays fusionnés Sierra Leone
48%
Aucun quiz correspondant
Distribution des résultats
% des personnes avec chaque résultat
Percentile par nombre de réponses
Votre historique - résultats
Vous n’avez pas pris ce quiz